000 00508nam a2200181 a 4500
005 20220615063449.0
008 991125s1989 bar 000 0 spa u
035 _aUPN01000036252
049 _aCG
050 4 _aPQ2284 E8
_bM4
100 1 _aHugo, Víctor,
_d1802-1885
_928554
245 1 0 _aManifiesto romántico /
_cVictor Hugo ; tr. Jaume Melendres
260 _aBarcelona, Esp. :
_bPenínsula,
_c1989
300 _a154 p.
650 0 _aLiteratura francesa
_95152
904 _aAC
_b036253
905 _aLibro
999 _c36252
_d36252